[Event "IND-ch U09 37th"]
[Site "Pune"]
[Date "2025.01.01"]
[Round "9"]
[White "Oishik, Mondal1"]
[Black "Anand, Vishprajesh"]
[Result "1-0"]
[WhiteElo "1790"]
[BlackElo "1568"]
[PlyCount "113"]
[EventDate "2024.12.27"]
[EventType "swiss"]
[EventRounds "11"]
[EventCountry "IND"]
[SourceTitle "CB02_2025"]
[SourceDate "2025.01.08"]
[SourceVersion "1"]
[SourceVersionDate "2025.01.08"]
[SourceQuality "1"]

1. d4 e6 2. c4 d5 3. Nc3 Bb4 4. Nf3 Nf6 5. Bg5 h6 6. Bxf6 Qxf6 7. e3 0-0 8. Rc1 dxc4 9. Bxc4 c5 10. 0-0 Bxc3 11. bxc3 Nc6 12. Bb5 Qe7 13. Bxc6 bxc6 14. Ne5 Ba6 15. Re1 Rfc8 16. Qa4 Bb5 17. Qa3 f6 18. Nf3 Bd3 19. e4 f5 20. exf5 Bxf5 21. Re5 Rab8 22. Qxc5 Qc7 23. Qc4 Qf7 24. Nh4 Rb1 25. Rxb1 Bxb1 26. Qb3 Rf8 27. f3 Bh7 28. Rxe6 Bc2 29. Qc4 Bd3 30. Qxc6 Qf4 31. Qd5 Kh7 32. Qc5 Qc1+ 33. Kf2 Qd2+ 34. Kg3 Qf4+ 35. Kh3 Bf5+ 36. Nxf5 Rxf5 37. Re5 g5 38. g3 g4+ 39. fxg4 Qf1+ 40. Kh4 Rxe5 41. Qxe5 Qh1 42. Qc7+ Kg8 43. Qb8+ Kf7 44. Qf4+ Kg7 45. Kh3 Qd1 46. c4 Qc2 47. Qe5+ Kg8 48. Qe6+ Kg7 49. c5 Qd1 50. Qe5+ Kg8 51. Qf6 Qd2 52. c6 Qxa2 53. c7 Qc4 54. Qg6+ Kf8 55. Qf5+ Ke7 56. c8Q Qxc8 57. Qxc8 1-0

[Event "IND-ch U09 37th"]
[Site "Pune"]
[Date "2024.12.31"]
[Round "8"]
[White "Anand, Vishprajesh"]
[Black "Mani, Sarbartho"]
[Result "1/2-1/2"]
[WhiteElo "1568"]
[BlackElo "1786"]
[PlyCount "60"]
[EventDate "2024.12.27"]
[EventType "swiss"]
[EventRounds "11"]
[EventCountry "IND"]
[SourceTitle "CB02_2025"]
[SourceDate "2025.01.08"]
[SourceVersion "1"]
[SourceVersionDate "2025.01.08"]
[SourceQuality "1"]

1. e4 e6 2. d4 d5 3. exd5 exd5 4. Bd3 Bd6 5. Nf3 Nf6 6. 0-0 0-0 7. Bg5 Bg4 8. Nbd2 Nbd7 9. c3 c6 10. Qc2 Qc7 11. h3 Bh5 12. Rfe1 Rfe8 13. Rad1 Bf4 14. Bxf4 Qxf4 15. Qb1 Bg6 16. Bxg6 hxg6 17. Rxe8+ Rxe8 18. Re1 Ne4 19. Re3 f5 20. Nxe4 fxe4 21. Nd2 c5 22. Qd1 Rf8 23. Re2 cxd4 24. cxd4 Rc8 25. Nb3 Nf6 26. Rc2 Rf8 27. Nc5 Qf5 28. Nxb7 g5 29. g4 Qf4 30. Qd2 Nh7 1/2-1/2